[Event "Scarborough CC Jack Frost"]
[Site "Toronto CAN"]
[Date "2009.02.12"]
[Round "6"]
[White "Arfin, Sam"]
[Black "Rapoport, Alexander"]
[Result "1-0"]
[WhiteElo "1893"]
[BlackElo "1899"]
[PlyCount "57"]
[GameId "2160767910273464"]
[EventDate "2009.01.08"]
[EventType "swiss"]
[EventRounds "7"]
[EventCountry "CAN"]

1. e4 c5 2. Nc3 Nc6 3. f4 d6 4. Nf3 Nf6 5. Bb5 Bd7 6. O-O a6 7. Bxc6 Bxc6 8. d3 Qc7 9. Qe1 O-O-O 10. Rb1 g6 11. b4 Bg7 12. b5 axb5 13. Nxb5 Bxb5 14. Rxb5 Kd7 15. Ng5 Rhf8 16. e5 Ng4 17. e6+ Kc6 18. c4 Bd4+ 19. Kh1 f6 20. Nf7 Rxf7 21. exf7 e5 22. h3 Nh6 23. f8=Q Rxf8 24. Qe4+ Kd7 25. Rxb7 Nf5 26. Rxc7+ Kxc7 27. Qe1 Ra8 28. g4 Ne7 29. Qh4 1-0

[Event "Scarborough CC Jack Frost"]
[Site "Toronto CAN"]
[Date "2009.02.12"]
[Round "6"]
[White "Beal, Greg"]
[Black "Wilker, Marcus"]
[Result "0-1"]
[WhiteElo "1822"]
[BlackElo "1870"]
[PlyCount "82"]
[GameId "2160767910273465"]
[EventDate "2009.01.08"]
[EventType "swiss"]
[EventRounds "7"]
[EventCountry "CAN"]
[SourceTitle "EXT 2011"]
[Source "ChessBase"]
[SourceDate "2011.11.26"]
[SourceVersion "1"]
[SourceVersionDate "2011.11.26"]
[SourceQuality "1"]

1. e4 c6 2. d4 d5 3. Nc3 dxe4 4. Nxe4 Nf6 5. Nxf6+ gxf6 6. g3 e5 7. Be3 Qd5 8. Qf3 Bg7 9. Qxd5 cxd5 10. Bg2 e4 11. Ne2 Nd7 12. O-O Nb6 13. b3 h5 14. h4 Be6 15. Nf4 f5 16. Rac1 Rc8 17. c3 Nd7 18. f3 Nf6 19. Nxe6 fxe6 20. c4 Kd7 21. c5 Bh6 22. Bxh6 Rxh6 23. fxe4 Nxe4 24. Bxe4 dxe4 25. b4 Kc6 26. a4 a6 27. d5+ Kxd5 28. Rfd1+ Kc6 29. Rd6+ Kc7 30. Rcd1 Rg8 31. Rd7+ Kc8 32. R1d6 Rhg6 33. Re7 Rxg3+ 34. Kf1 Rf3+ 35. Ke2 Rg2+ 36. Ke1 Rh3 37. Re8+ Kc7 38. Re7+ Kb8 39. Re8+ Ka7 40. Kf1 Rb2 41. Kg1 Rc3 0-1

[Event "Scarborough CC Jack Frost"]
[Site "Toronto CAN"]
[Date "2009.02.12"]
[Round "6"]
[White "Conte, Michael"]
[Black "Manalo, Pepin"]
[Result "1-0"]
[WhiteElo "1779"]
[BlackElo "1853"]
[PlyCount "77"]
[GameId "2160767910273466"]
[EventDate "2009.01.08"]
[EventType "swiss"]
[EventRounds "7"]
[EventCountry "CAN"]
[SourceTitle "EXT 2011"]
[Source "ChessBase"]
[SourceDate "2011.11.26"]
[SourceVersion "1"]
[SourceVersionDate "2011.11.26"]
[SourceQuality "1"]

1. d4 Nf6 2. Nf3 e6 3. Bf4 d5 4. e3 Be7 5. Bd3 Nbd7 6. Nbd2 Nh5 7. Ne5 Nxf4 8. exf4 Nf6 9. c3 c5 10. Ndf3 c4 11. Bc2 h6 12. h4 Qc7 13. Qe2 Bd7 14. g3 O-O 15. g4 Ne8 16. g5 h5 17. Nxd7 Qxd7 18. Ne5 Qb5 19. Qxh5 f5 20. Ng6 Bd6 21. Rb1 Qd7 22. Qf3 Nc7 23. Qh5 Rfb8 24. Ne5 Bxe5 25. fxe5 Ne8 26. g6 b5 27. Qg5 Qd8 28. Qf4 Qc7 29. h5 Nf6 30. h6 Ne8 31. Kd2 b4 32. Rbg1 bxc3+ 33. bxc3 Rb2 34. hxg7 Nxg7 35. Qh6 Nh5 36. Rxh5 Qg7 37. Qg5 Qd7 38. Qf6 Rf8 39. Rh8# 1-0

[Event "Scarborough CC Jack Frost"]
[Site "Toronto CAN"]
[Date "2009.02.12"]
[Round "6"]
[White "Kurkowski, Ken"]
[Black "Ward, Dean"]
[Result "1/2-1/2"]
[WhiteElo "1695"]
[BlackElo "1659"]
[PlyCount "79"]
[GameId "2160767910273467"]
[EventDate "2009.01.08"]
[EventType "swiss"]
[EventRounds "7"]
[EventCountry "CAN"]
[SourceTitle "EXT 2011"]
[Source "ChessBase"]
[SourceDate "2011.11.26"]
[SourceVersion "1"]
[SourceVersionDate "2011.11.26"]
[SourceQuality "1"]

1. e4 c5 2. c3 d6 3. d4 Nf6 4. Bd3 a6 5. a4 Qa5 6. Bd2 c4 7. Bc2 b5 8. Nf3 Bb7 9. Qe2 e6 10. O-O Be7 11. Re1 O-O 12. Bf4 Nbd7 13. Nbd2 Qb6 14. Bxd6 Bxd6 15. e5 Bb8 16. exf6 Nxf6 17. Ne5 Qc7 18. Ndf3 Nd7 19. Rad1 Nxe5 20. dxe5 h6 21. axb5 axb5 22. Nd4 Qc5 23. Be4 Qxe5 24. Bh7+ Kxh7 25. Qxe5 Bxe5 26. Rxe5 Bd5 27. Nxb5 f6 28. Ree1 Rab8 29. Nc7 Rxb2 30. Nxd5 exd5 31. Rxd5 Rc2 32. h3 Rxc3 33. Rc5 Rb8 34. Re7 Rc1+ 35. Kh2 c3 36. Rcc7 Rg8 37. Re3 c2 38. Rec3 Rd8 39. Rxc2 Rxc2 40. Rxc2 1/2-1/2

[Event "Scarborough CC Jack Frost"]
[Site "Toronto CAN"]
[Date "2009.02.12"]
[Round "6"]
[White "Lamb, Bryan"]
[Black "Sellars, Karl"]
[Result "1-0"]
[WhiteElo "2200"]
[BlackElo "2196"]
[PlyCount "59"]
[GameId "2160767910273468"]
[EventDate "2009.01.08"]
[EventType "swiss"]
[EventRounds "7"]
[EventCountry "CAN"]
[SourceTitle "EXT 2011"]
[Source "ChessBase"]
[SourceDate "2011.11.26"]
[SourceVersion "1"]
[SourceVersionDate "2011.11.26"]
[SourceQuality "1"]

1. c4 Nf6 2. Nc3 c5 3. Nf3 d5 4. cxd5 Nxd5 5. g3 Nc6 6. Bg2 Nc7 7. Qa4 Bd7 8. Qh4 e5 9. Qxd8+ Rxd8 10. O-O c4 11. b3 cxb3 12. axb3 f6 13. Ba3 Bc8 14. d3 Bxa3 15. Rxa3 Ke7 16. Nd2 Rd6 17. Nc4 Re6 18. Nd5+ Kd8 19. Nxc7 Kxc7 20. Bxc6 Kxc6 21. Rxa7 Kb5 22. Rc1 Rd8 23. Ra8 Kb4 24. Na5 Ree8 25. Rc7 e4 26. Rc4+ Kb5 27. d4 Be6 28. Rxd8 Rxd8 29. Nxb7 Ra8 30. Ra4 1-0

[Event "Scarborough CC Jack Frost"]
[Site "Toronto CAN"]
[Date "2009.02.12"]
[Round "6"]
[White "Mesiti, Silvano"]
[Black "Paterson, Jim"]
[Result "1/2-1/2"]
[WhiteElo "1690"]
[BlackElo "1809"]
[PlyCount "64"]
[GameId "2160767910273469"]
[EventDate "2009.01.08"]
[EventType "swiss"]
[EventRounds "7"]
[EventCountry "CAN"]
[SourceTitle "EXT 2011"]
[Source "ChessBase"]
[SourceDate "2011.11.26"]
[SourceVersion "1"]
[SourceVersionDate "2011.11.26"]
[SourceQuality "1"]

1. e4 e6 2. Nf3 c5 3. Nc3 Nc6 4. d4 cxd4 5. Nxd4 a6 6. Be2 d6 7. O-O Nf6 8. Be3 Be7 9. Bf3 O-O 10. a3 Qc7 11. Qe2 Bd7 12. Rfd1 Ne5 13. Qe1 Nxf3+ 14. Nxf3 Bc6 15. Nd2 Rfd8 16. f3 d5 17. exd5 Nxd5 18. Bd4 Bg5 19. Nde4 Be7 20. Qf2 Qf4 21. Ne2 Qh6 22. c4 Nf4 23. Nxf4 Qxf4 24. Be3 Qf5 25. Nc3 Qg6 26. Bb6 Rd3 27. Kh1 Bf6 28. Ba5 Be5 29. Rxd3 Qxd3 30. c5 Qg6 31. Qe2 Qh5 32. h3 Qf5 1/2-1/2

[Event "Scarborough CC Jack Frost"]
[Site "Toronto CAN"]
[Date "2009.02.12"]
[Round "6"]
[White "Wu, Aaron"]
[Black "Armstrong, Robert J"]
[Result "1-0"]
[WhiteElo "1995"]
[BlackElo "1845"]
[PlyCount "61"]
[GameId "2160767910273470"]
[EventDate "2009.01.08"]
[EventType "swiss"]
[EventRounds "7"]
[EventCountry "CAN"]
[SourceTitle "EXT 2011"]
[Source "ChessBase"]
[SourceDate "2011.11.26"]
[SourceVersion "1"]
[SourceVersionDate "2011.11.26"]
[SourceQuality "1"]

1. e4 g6 2. d4 Bg7 3. c4 d6 4. Nc3 Nf6 5. Nf3 O-O 6. Be2 Nfd7 7. O-O c5 8. Be3 cxd4 9. Bxd4 Nc6 10. Bxg7 Kxg7 11. Nd4 Nc5 12. Kh1 Ne6 13. Nc2 Nf4 14. Bg4 Ne5 15. Bxc8 Rxc8 16. b3 Qb6 17. g3 Nfd3 18. Kg2 e6 19. f4 Nb2 20. Qe2 Ned3 21. Rf3 Nc5 22. Ne1 Nxb3 23. axb3 Qxb3 24. Rb1 Qxc4 25. Rxb2 b6 26. Qxc4 Rxc4 27. Re3 Rfc8 28. Nb5 Ra4 29. Ra3 Rxa3 30. Nxa3 Rc3 31. Nac2 1-0

[Event "Scarborough CC Jack Frost"]
[Site "Toronto CAN"]
[Date "2009.02.19"]
[Round "7"]
[White "Armstrong, Robert J"]
[Black "Maister, Martin"]
[Result "0-1"]
[WhiteElo "1845"]
[BlackElo "1730"]
[PlyCount "51"]
[GameId "2160767910273471"]
[EventDate "2009.01.08"]
[EventType "swiss"]
[EventRounds "7"]
[EventCountry "CAN"]
[SourceTitle "EXT 2011"]
[Source "ChessBase"]
[SourceDate "2011.11.26"]
[SourceVersion "1"]
[SourceVersionDate "2011.11.26"]
[SourceQuality "1"]

1. d4 Nf6 2. c4 c5 3. d5 b5 4. cxb5 a6 5. Nc3 axb5 6. Nxb5 Bb7 7. d6 Qa5+ 8. Nc3 exd6 9. Nf3 Be7 10. e3 O-O 11. Bc4 d5 12. Bd3 d4 13. exd4 Bxf3 14. Qxf3 cxd4 15. Bd2 dxc3 16. Bxc3 Bb4 17. O-O Bxc3 18. bxc3 Nc6 19. h4 Ne5 20. Qh3 Nxd3 21. Qxd3 Rac8 22. c4 Qc7 23. Rfc1 Ng4 24. g3 Ne5 25. Qd5 Qc5 26. Qxd7 0-1

[Event "Scarborough CC Jack Frost"]
[Site "Toronto CAN"]
[Date "2009.02.19"]
[Round "7"]
[White "Krupka, David"]
[Black "Sellars, Karl"]
[Result "1-0"]
[WhiteElo "2221"]
[BlackElo "2196"]
[PlyCount "65"]
[GameId "2160767910273472"]
[EventDate "2009.01.08"]
[EventType "swiss"]
[EventRounds "7"]
[EventCountry "CAN"]
[SourceTitle "EXT 2011"]
[Source "ChessBase"]
[SourceDate "2011.11.26"]
[SourceVersion "1"]
[SourceVersionDate "2011.11.26"]
[SourceQuality "1"]

1. d4 c5 2. e3 Nf6 3. Nf3 d5 4. c4 cxd4 5. exd4 g6 6. Nc3 Bg7 7. Be3 O-O 8. c5 b6 9. b4 Bg4 10. Be2 Ne4 11. Rc1 a5 12. a3 axb4 13. axb4 bxc5 14. bxc5 Ra3 15. Nxe4 dxe4 16. Ne5 Bxe5 17. Bxg4 Rd3 18. Qa4 Bxd4 19. Bh6 Bc3+ 20. Kf1 Rd4 21. Qc2 Bd2 22. Bxd2 Rxd2 23. Qxe4 Rd4 24. Qe2 Qa5 25. h4 e5 26. h5 Qa3 27. Re1 Qxc5 28. hxg6 fxg6 29. Be6+ Kg7 30. Qe3 h5 31. Rxh5 Rxf2+ 32. Qxf2 Rf4 33. Qxf4 1-0

[Event "Scarborough CC Jack Frost"]
[Site "Toronto CAN"]
[Date "2009.02.19"]
[Round "7"]
[White "Kurkowski, Ken"]
[Black "Walker, John"]
[Result "1/2-1/2"]
[WhiteElo "1695"]
[BlackElo "1154"]
[PlyCount "90"]
[GameId "2160767910273473"]
[EventDate "2009.01.08"]
[EventType "swiss"]
[EventRounds "7"]
[EventCountry "CAN"]
[SourceTitle "EXT 2011"]
[Source "ChessBase"]
[SourceDate "2011.11.26"]
[SourceVersion "1"]
[SourceVersionDate "2011.11.26"]
[SourceQuality "1"]

1. e4 e5 2. Nf3 d6 3. Bc4 h6 4. d4 Nf6 5. Nc3 Nbd7 6. O-O Be7 7. Re1 O-O 8. dxe5 Nxe5 9. Be2 Re8 10. Bf4 Ng6 11. Bg3 Bf8 12. e5 dxe5 13. Bd3 Nf4 14. Nxe5 Nxd3 15. Nxd3 Rxe1+ 16. Qxe1 Bf5 17. Rd1 c6 18. a3 Qe7 19. Qxe7 Bxe7 20. f3 Rd8 21. Bf2 b6 22. Ne5 Rxd1+ 23. Nxd1 Bd7 24. Nxd7 Nxd7 25. Ne3 Bf6 26. c3 Nc5 27. Kf1 Nd3 28. Nd1 Nxf2 29. Kxf2 Bg5 30. Ne3 Bxe3+ 31. Kxe3 Kf8 32. Kd4 Ke8 33. b4 Kd7 34. c4 f6 35. h4 Ke6 36. Ke4 f5+ 37. Kf4 Kf6 38. h5 a6 39. a4 Ke6 40. g3 Kf6 41. g4 fxg4 42. fxg4 Ke6 43. g5 Ke7 44. Kf5 Kf7 45. gxh6 gxh6 1/2-1/2

[Event "Scarborough CC Jack Frost"]
[Site "Toronto CAN"]
[Date "2009.02.19"]
[Round "7"]
[White "Moysoski, Randy"]
[Black "Ferreira, Alex"]
[Result "0-1"]
[WhiteElo "1860"]
[BlackElo "2017"]
[PlyCount "38"]
[GameId "2160767910281667"]
[EventDate "2009.01.08"]
[EventType "swiss"]
[EventRounds "7"]
[EventCountry "CAN"]
[SourceTitle "EXT 2011"]
[Source "ChessBase"]
[SourceDate "2011.11.26"]
[SourceVersion "1"]
[SourceVersionDate "2011.11.26"]
[SourceQuality "1"]

1. e4 e5 2. f4 Nf6 3. Nc3 d5 4. d3 Bc5 5. Be2 dxe4 6. fxe5 Qd4 7. Bg5 Qf2+ 8. Kd2 Qxg2 9. h4 Qxh1 10. exf6 gxf6 11. Bxf6 e3+ 12. Kc1 Rg8 13. Nf3 Qxd1+ 14. Nxd1 Rg2 15. Bf1 Rg3 16. Be2 Bg4 17. Be5 Rxf3 18. d4 Nc6 19. Bb5 O-O-O 0-1

[Event "Scarborough CC Jack Frost"]
[Site "Toronto CAN"]
[Date "2009.02.19"]
[Round "7"]
[White "Paterson, Jim"]
[Black "Rutherdale, William"]
[Result "1-0"]
[WhiteElo "1809"]
[BlackElo "1752"]
[PlyCount "57"]
[GameId "2160767910281668"]
[EventDate "2009.01.08"]
[EventType "swiss"]
[EventRounds "7"]
[EventCountry "CAN"]
[SourceTitle "EXT 2011"]
[Source "ChessBase"]
[SourceDate "2011.11.26"]
[SourceVersion "1"]
[SourceVersionDate "2011.11.26"]
[SourceQuality "1"]

1. e3 c5 2. f4 d5 3. Bb5+ Bd7 4. Bxd7+ Qxd7 5. Nf3 Nc6 6. d3 e6 7. Nc3 a6 8. a4 Bd6 9. Bd2 Nge7 10. e4 d4 11. Ne2 e5 12. O-O O-O 13. f5 Rac8 14. Qe1 f6 15. Qg3 Qe8 16. Qh3 Nb8 17. b3 Nd7 18. Nh4 Rf7 19. g4 Nf8 20. g5 fxg5 21. Bxg5 Qd7 22. Qg2 Rb8 23. Ng3 Bc7 24. Nh5 Bd8 25. f6 Neg6 26. fxg7 Nxh4 27. gxf8=Q+ Kxf8 28. Bxh4 Bxh4 29. Qg7+ 1-0

[Event "Scarborough CC Jack Frost"]
[Site "Toronto CAN"]
[Date "2009.02.19"]
[Round "7"]
[White "Wu, Aaron"]
[Black "Arfin, Sam"]
[Result "1/2-1/2"]
[WhiteElo "1995"]
[BlackElo "1893"]
[PlyCount "66"]
[GameId "2160767910281669"]
[EventDate "2009.01.08"]
[EventType "swiss"]
[EventRounds "7"]
[EventCountry "CAN"]
[SourceTitle "EXT 2011"]
[Source "ChessBase"]
[SourceDate "2011.11.26"]
[SourceVersion "1"]
[SourceVersionDate "2011.11.26"]
[SourceQuality "1"]

1. e4 c5 2. Nf3 g6 3. d4 cxd4 4. Nxd4 Nc6 5. Be3 Nf6 6. Nc3 Bg7 7. Bc4 O-O 8. Bb3 a5 9. f3 d5 10. Nxc6 bxc6 11. exd5 cxd5 12. Nxd5 Nxd5 13. Qxd5 Qxd5 14. Bxd5 Rb8 15. O-O Rxb2 16. Bb3 a4 17. Bxa4 Rb4 18. Bb3 Bxa1 19. Rxa1 Ba6 20. Rd1 Rc8 21. Bg5 Rb7 22. Rd4 Rbc7 23. Bf4 Rb7 24. Kf2 Kg7 25. h4 f5 26. Be3 Rbc7 27. Rb4 Rxc2+ 28. Bxc2 Rxc2+ 29. Kg1 Rxa2 30. Bc5 Re2 31. Rb6 Bd3 32. Rb3 Bc4 33. Rb4 Bf7 1/2-1/2

[Event "Scarborough CC Jack Frost U1700"]
[Site "Toronto CAN"]
[Date "2009.01.08"]
[Round "1"]
[White "Bao, Stephen"]
[Black "Azmitia, Gabriel"]
[Result "1-0"]
[WhiteElo "1542"]
[BlackElo "1416"]
[PlyCount "71"]
[GameId "2160767910281670"]
[EventDate "2009.01.08"]
[EventType "swiss"]
[EventRounds "7"]
[EventCountry "CAN"]
[SourceTitle "EXT 2011"]
[Source "ChessBase"]
[SourceDate "2011.11.26"]
[SourceVersion "1"]
[SourceVersionDate "2011.11.26"]
[SourceQuality "1"]

1. Nf3 Nf6 2. e3 g6 3. d4 d5 4. Ne5 Nbd7 5. f4 Nxe5 6. fxe5 Ne4 7. Nd2 Nxd2 8. Qxd2 Bg7 9. Bd3 O-O 10. O-O c6 11. b3 e6 12. Ba3 Re8 13. Qf2 Qc7 14. Bd6 Qd7 15. Ba3 Bf8 16. Bxf8 Rxf8 17. Qh4 Qd8 18. Rf6 Kg7 19. Raf1 Qa5 20. a4 Bd7 21. g4 Qd2 22. Qh3 Rae8 23. g5 Re7 24. R6f2 Qb4 25. Qh6+ Kg8 26. Rf3 f6 27. gxf6 Ref7 28. Rh3 Be8 29. Bxg6 Kh8 30. Bxh7 Qe7 31. Bg8+ Rh7 32. Bxh7 Rf7 33. fxe7 Rxf1+ 34. Kxf1 Bh5 35. Bg6+ Kg8 36. Qf8# 1-0

[Event "Scarborough CC Jack Frost U1700"]
[Site "Toronto CAN"]
[Date "2009.01.08"]
[Round "1"]
[White "Dattani, Dinesh"]
[Black "Radpey, Abdolreza"]
[Result "1-0"]
[WhiteElo "1338"]
[BlackElo "1609"]
[PlyCount "89"]
[GameId "2160767910281671"]
[EventDate "2009.01.08"]
[EventType "swiss"]
[EventRounds "7"]
[EventCountry "CAN"]
[SourceTitle "EXT 2011"]
[Source "ChessBase"]
[SourceDate "2011.11.26"]
[SourceVersion "1"]
[SourceVersionDate "2011.11.26"]
[SourceQuality "1"]

1. d4 c5 2. Nf3 d5 3. Bf4 Nc6 4. e3 a6 5. Be2 Nf6 6. c3 h6 7. Ne5 Nxe5 8. Bxe5 Nd7 9. Bf4 g5 10. Bg3 Nf6 11. Be5 Bg7 12. dxc5 O-O 13. Qd4 Bf5 14. Nd2 Bg6 15. O-O Ne8 16. Bf3 Bxe5 17. Qxe5 e6 18. c4 Qc7 19. Qd4 Rd8 20. cxd5 exd5 21. Nb3 Ng7 22. Rac1 Nf5 23. Qc3 Nh4 24. Be2 Bf5 25. Nd4 Be4 26. f3 Bg6 27. c6 b5 28. f4 Be4 29. Nf3 Nxf3+ 30. Bxf3 gxf4 31. Bxe4 dxe4 32. Rxf4 f5 33. Qe1 Kh7 34. Qh4 Rd6 35. g4 Rxc6 36. Rxc6 Qxc6 37. Qe7+ Kg8 38. gxf5 Qc1+ 39. Kg2 Qd2+ 40. Rf2 Qxe3 41. Qe6+ Kh7 42. Qe7+ Kg8 43. h4 Qd4 44. f6 Qd5 45. Qg7# 1-0

[Event "Scarborough CC Jack Frost U1700"]
[Site "Toronto CAN"]
[Date "2009.01.08"]
[Round "1"]
[White "Graham, John"]
[Black "Woolford, Jesse"]
[Result "1-0"]
[WhiteElo "1500"]
[BlackElo "1062"]
[PlyCount "91"]
[GameId "2160767910281672"]
[EventDate "2009.01.08"]
[EventType "swiss"]
[EventRounds "7"]
[EventCountry "CAN"]
[SourceTitle "EXT 2011"]
[Source "ChessBase"]
[SourceDate "2011.11.26"]
[SourceVersion "1"]
[SourceVersionDate "2011.11.26"]
[SourceQuality "1"]

1. e4 e5 2. Nf3 Nc6 3. Bb5 a6 4. Bxc6 dxc6 5. d3 Nf6 6. Nxe5 Bd6 7. Nc4 Be7 8. Nc3 b5 9. Ne3 O-O 10. O-O Bb7 11. Nf5 Bc5 12. Be3 Bxe3 13. fxe3 c5 14. a4 b4 15. Ne2 Bc8 16. Nf4 Bxf5 17. exf5 a5 18. b3 Nd5 19. Nxd5 Qxd5 20. e4 Qc6 21. Qg4 Qh6 22. Rf4 Qd6 23. Raf1 Qh6 24. R1f3 f6 25. Rh3 Qg5 26. Qf3 g6 27. fxg6 hxg6 28. Rg3 Qh6 29. Qg4 Rad8 30. Qxg6+ Qxg6 31. Rxg6+ Kh7 32. Rgxf6 Rxf6 33. Rxf6 Rd6 34. Rf7+ Kg6 35. Rxc7 Kg5 36. Rxc5+ Kf4 37. Rf5+ Ke3 38. h4 Kd2 39. Rc5 Rh6 40. h5 Rh8 41. Kh2 Rh6 42. Kh3 Ke2 43. g4 Kf2 44. Kh4 Re6 45. g5 Re8 46. g6 1-0

[Event "Scarborough CC Jack Frost U1700"]
[Site "Toronto CAN"]
[Date "2009.01.08"]
[Round "1"]
[White "Xi, Jason"]
[Black "Xie, Peter"]
[Result "0-1"]
[WhiteElo "1012"]
[BlackElo "1468"]
[PlyCount "46"]
[GameId "2160767910281674"]
[EventDate "2009.01.08"]
[EventType "swiss"]
[EventRounds "7"]
[EventCountry "CAN"]
[SourceTitle "EXT 2011"]
[Source "ChessBase"]
[SourceDate "2011.11.26"]
[SourceVersion "1"]
[SourceVersionDate "2011.11.26"]
[SourceQuality "1"]

1. e4 e5 2. Nf3 Nc6 3. Bc4 Nf6 4. d3 Na5 5. Nxe5 Nxc4 6. Nxc4 b5 7. Ne3 Bb4+ 8. Bd2 Bxd2+ 9. Nxd2 O-O 10. O-O c5 11. c3 Bb7 12. b3 d5 13. exd5 Nxd5 14. Rc1 Re8 15. Qe2 Nf4 16. Qd1 Nxd3 17. Rc2 Nxf2 18. Kxf2 Rxe3 19. Kxe3 Qg5+ 20. Rf4 Re8+ 21. Kd3 c4+ 22. bxc4 bxc4+ 23. Rxc4 Qe3# 0-1

[Event "Scarborough CC Jack Frost U1700"]
[Site "Toronto CAN"]
[Date "2009.01.15"]
[Round "2"]
[White "Azmitia, Gabriel"]
[Black "Ward, Dean"]
[Result "0-1"]
[WhiteElo "1659"]
[BlackElo "1416"]
[PlyCount "78"]
[GameId "2160767910281675"]
[EventDate "2009.01.08"]
[EventType "swiss"]
[EventRounds "7"]
[EventCountry "CAN"]
[SourceTitle "EXT 2011"]
[Source "ChessBase"]
[SourceDate "2011.11.26"]
[SourceVersion "1"]
[SourceVersionDate "2011.11.26"]
[SourceQuality "1"]

1. Nf3 d5 2. d4 c6 3. b3 Nf6 4. Nbd2 Qa5 5. e3 Bf5 6. Nh4 Qc3 7. Rb1 Bxc2 8. Bb2 Qxb2 9. Rxb2 Bxd1 10. Kxd1 Nbd7 11. Bd3 e5 12. dxe5 Nxe5 13. Be2 g6 14. h3 Bg7 15. Rc2 O-O 16. Nhf3 Nfd7 17. Nxe5 Nxe5 18. f4 Nd7 19. Bg4 f5 20. Bf3 Rfe8 21. Re1 Re7 22. Ke2 Rae8 23. Kf2 Bd4 24. Nf1 Bb6 25. b4 d4 26. Rce2 dxe3+ 27. Kg1 Nf6 28. g4 fxg4 29. hxg4 Nd5 30. Bxd5+ cxd5 31. Kg2 d4 32. Kf3 d3 33. Rxe3 Bxe3 34. Rxe3 Rxe3+ 35. Nxe3 d2 36. Nd1 Re1 37. g5 Rxd1 38. Ke2 Rb1 39. Kxd2 Rxb4 0-1

[Event "Scarborough CC Jack Frost U1700"]
[Site "Toronto CAN"]
[Date "2009.01.15"]
[Round "2"]
[White "Roe, Jim"]
[Black "Dattani, Dinesh"]
[Result "1/2-1/2"]
[WhiteElo "1564"]
[BlackElo "1338"]
[PlyCount "54"]
[GameId "2160767910281676"]
[EventDate "2009.01.08"]
[EventType "swiss"]
[EventRounds "7"]
[EventCountry "CAN"]
[SourceTitle "EXT 2011"]
[Source "ChessBase"]
[SourceDate "2011.11.26"]
[SourceVersion "1"]
[SourceVersionDate "2011.11.26"]
[SourceQuality "1"]

1. d4 d5 2. c4 c6 3. Nc3 Nf6 4. Nf3 Nbd7 5. e3 e6 6. Bd3 dxc4 7. Bxc4 b5 8. Bd3 Be7 9. Qc2 O-O 10. Ne5 c5 11. Nxb5 Bb7 12. Nxd7 Qxd7 13. O-O Qd5 14. f3 Rfc8 15. Nc3 Qc6 16. dxc5 Qxc5 17. Bd2 Bd6 18. Qd1 Qh5 19. g3 Qh3 20. Qe2 Nh5 21. Qg2 Qxg2+ 22. Kxg2 Rab8 23. Kf2 Rd8 24. Ke2 Bxg3 25. Be1 Bxh2 26. Bh4 Ng3+ 27. Bxg3 Bxg3 1/2-1/2

[Event "Scarborough CC Jack Frost U1700"]
[Site "Toronto CAN"]
[Date "2009.01.22"]
[Round "3"]
[White "Dattani, Dinesh"]
[Black "Smith, Maurice"]
[Result "1/2-1/2"]
[WhiteElo "1338"]
[BlackElo "1660"]
[PlyCount "49"]
[GameId "2160767910281677"]
[EventDate "2009.01.08"]
[EventType "swiss"]
[EventRounds "7"]
[EventCountry "CAN"]
[SourceTitle "EXT 2011"]
[Source "ChessBase"]
[SourceDate "2011.11.26"]
[SourceVersion "1"]
[SourceVersionDate "2011.11.26"]
[SourceQuality "1"]

1. e4 c5 2. Nf3 d6 3. d4 cxd4 4. Nxd4 Nf6 5. Nc3 g6 6. Be2 Bg7 7. Be3 Bd7 8. Qd2 Nc6 9. Rd1 O-O 10. O-O Rc8 11. Nf3 Ng4 12. Bf4 Nge5 13. Nd5 Nxf3+ 14. Bxf3 Ne5 15. Be2 Be6 16. c3 Nc4 17. Bxc4 Rxc4 18. Qd3 Rc8 19. Rfe1 Re8 20. Bg5 h6 21. Bf4 Qa5 22. a3 Bg4 23. Rc1 Be6 24. Rcd1 Bg4 25. Rc1 1/2-1/2

[Event "Scarborough CC Jack Frost U1700"]
[Site "Toronto CAN"]
[Date "2009.01.22"]
[Round "3"]
[White "Souchko, Larissa"]
[Black "Xie, Peter"]
[Result "0-1"]
[WhiteElo "1218"]
[BlackElo "1468"]
[PlyCount "73"]
[GameId "2160767910281678"]
[EventDate "2009.01.08"]
[EventType "swiss"]
[EventRounds "7"]
[EventCountry "CAN"]
[SourceTitle "EXT 2011"]
[Source "ChessBase"]
[SourceDate "2011.11.26"]
[SourceVersion "1"]
[SourceVersionDate "2011.11.26"]
[SourceQuality "1"]

1. d4 d5 2. Nf3 Nc6 3. h3 Nf6 4. e3 a6 5. c4 e6 6. Nc3 Bb4 7. a3 Bxc3+ 8. bxc3 Ne4 9. Qc2 b5 10. cxb5 Ne7 11. a4 axb5 12. Bxb5+ c6 13. Bd3 Qa5 14. Ra3 Nf6 15. O-O Ba6 16. c4 O-O 17. Bd2 Qd8 18. Bb4 Re8 19. Ne5 Rc8 20. f3 Ng6 21. f4 Nd7 22. c5 Bxd3 23. Nxd3 Ra8 24. Be1 Qc7 25. h4 Ne7 26. Qe2 Nf6 27. Rf3 Ne4 28. h5 Qc8 29. Rh3 Qa6 30. Qg4 Nf5 31. Nf2 Nf6 32. Qf3 Qc4 33. a5 Qc1 34. e4 Qxe1+ 35. Kh2 Nxd4 36. Qc3 Qxf2 37. Qa1 0-1

[Event "Scarborough CC Jack Frost U1700"]
[Site "Toronto CAN"]
[Date "2009.01.22"]
[Round "3"]
[White "Ward, Dean"]
[Black "Karpik, Steve"]
[Result "1-0"]
[WhiteElo "1659"]
[BlackElo "1511"]
[PlyCount "67"]
[GameId "2160767910281679"]
[EventDate "2009.01.08"]
[EventType "swiss"]
[EventRounds "7"]
[EventCountry "CAN"]
[SourceTitle "EXT 2011"]
[Source "ChessBase"]
[SourceDate "2011.11.26"]
[SourceVersion "1"]
[SourceVersionDate "2011.11.26"]
[SourceQuality "1"]

1. e4 d6 2. Nc3 Nf6 3. Bc4 g6 4. d3 Bg7 5. f3 a6 6. Be3 b5 7. Bb3 Bb7 8. a3 c5 9. Qd2 Nbd7 10. Bh6 O-O 11. Nge2 Qa5 12. Bxg7 Kxg7 13. O-O d5 14. exd5 Bxd5 15. Bxd5 Nxd5 16. b4 cxb4 17. Nxd5 e6 18. axb4 Qd8 19. Ne3 Qe7 20. Ng3 Nb6 21. Rfe1 Qa7 22. Kh1 Rac8 23. Ng4 Nd5 24. Qh6+ Kg8 25. Rac1 Qd4 26. Re4 Qb2 27. c4 f6 28. Re2 Qa3 29. Rxe6 bxc4 30. dxc4 f5 31. Rce1 Qxb4 32. cxd5 fxg4 33. Re7 Qc3 34. Qxh7# 1-0

[Event "Scarborough CC Jack Frost U1700"]
[Site "Toronto CAN"]
[Date "2009.01.22"]
[Round "3"]
[White "Yusuf, Magas"]
[Black "Bao, Stephen"]
[Result "1-0"]
[WhiteElo "1224"]
[BlackElo "1542"]
[PlyCount "33"]
[GameId "2160767910281680"]
[EventDate "2009.01.08"]
[EventType "swiss"]
[EventRounds "7"]
[EventCountry "CAN"]
[SourceTitle "EXT 2011"]
[Source "ChessBase"]
[SourceDate "2011.11.26"]
[SourceVersion "1"]
[SourceVersionDate "2011.11.26"]
[SourceQuality "1"]

1. e4 c5 2. Nf3 d6 3. d4 cxd4 4. Nxd4 Nf6 5. Nc3 a6 6. Bd3 g6 7. Be3 Bg7 8. Qd2 b5 9. O-O Bb7 10. a3 Nbd7 11. Rfe1 Ne5 12. Bh6 O-O 13. Bxg7 Kxg7 14. f4 Nxd3 15. cxd3 Qb6 16. Qe3 Ng4 17. Ne6+ 1-0